[Event "HUN-chT2 Asztalos 1819"]
[Site "Hungary"]
[Date "2019.03.10"]
[Round "7.4"]
[White "Drinoczi, Peter"]
[Black "Rein, Viktor"]
[Result "1/2-1/2"]
[WhiteElo "2034"]
[BlackElo "1923"]
[PlyCount "113"]
[EventDate "2018.10.28"]
[EventType "team-tourn"]
[EventRounds "9"]
[EventCountry "HUN"]
[SourceTitle "CBM 189 Extra"]
[Source "ChessBase"]
[SourceDate "2019.06.03"]
[SourceVersion "1"]
[SourceVersionDate "2019.06.03"]
[SourceQuality "1"]
[WhiteTeam "Szentlorinc"]
[BlackTeam "Karmin"]
[WhiteTeamCountry "HUN"]
[BlackTeamCountry "HUN"]

1. e4 c5 2. Nf3 d6 3. d4 cxd4 4. Nxd4 Nf6 5. Nc3 g6 6. Be3 Bg7 7. f3 0-0 8. Bc4 Nc6 9. Qd2 Bd7 10. 0-0-0 Ne5 11. Bb3 Rc8 12. Kb1 Nc4 13. Bxc4 Rxc4 14. g4 a6 15. h4 h5 16. gxh5 Nxh5 17. Rhg1 Re8 18. Nde2 Be6 19. f4 Kh7 20. f5 gxf5 21. Rg5 Nf6 22. Rdg1 Bh6 23. Bd4 Bxg5 24. Rxg5 Rxd4 25. Nxd4 Rg8 26. exf5 Bd7 27. Ne4 Rxg5 28. Nxg5+ Kg7 29. Qg2 Kf8 30. Qxb7 Qa5 31. b3 Qe1+ 32. Kb2 Qxh4 33. Ngf3 Qf4 34. Qxa6 Bxf5 35. a4 Be4 36. Ne1 Qe3 37. Qc8+ Kg7 38. Qc3 Qxc3+ 39. Kxc3 e5 40. Nb5 d5 41. a5 Nd7 42. b4 Kf6 43. Na7 Ke6 44. b5 Kd6 45. Kb4 Kc7 46. a6 d4 47. Nd3 Bxd3 48. cxd3 f5 49. Nc6 f4 50. Na5 f3 51. Nc4 f2 52. Nd2 Nb6 53. Kc5 Na4+ 54. Kd5 Nc3+ 55. Kc5 Na4+ 56. Kd5 Nc3+ 57. Kc5 1/2-1/2

[Event "HUN-chT2 Asztalos 1819"]
[Site "Hungary"]
[Date "2019.02.10"]
[Round "5.3"]
[White "Szekacs, Mark"]
[Black "Drinoczi, Peter"]
[Result "1-0"]
[WhiteElo "1951"]
[BlackElo "2034"]
[PlyCount "58"]
[EventDate "2018.10.28"]
[EventType "team-tourn"]
[EventRounds "9"]
[EventCountry "HUN"]
[SourceTitle "CBM 189 Extra"]
[Source "ChessBase"]
[SourceDate "2019.06.03"]
[SourceVersion "1"]
[SourceVersionDate "2019.06.03"]
[SourceQuality "1"]
[WhiteTeam "Kaposvar Bastya"]
[BlackTeam "Szentlorinc"]
[WhiteTeamCountry "HUN"]
[BlackTeamCountry "HUN"]

1. e4 e6 2. d4 d5 3. e5 c5 4. Nf3 cxd4 5. Bd3 Nc6 6. 0-0 Bc5 7. Re1 Nge7 8. a3 a5 9. Nbd2 a4 10. Nf1 Qb6 11. Ng3 g6 12. b4 axb3 13. cxb3 Bb4 14. Re2 Bc3 15. Bb2 Bd7 16. b4 0-0 17. Qc1 Kh8 18. Bxc3 dxc3 19. Qxc3 Rfc8 20. Qb2 Ra7 21. Rc2 Ra4 22. Qc1 Qd8 23. Rc3 Rca8 24. Bc2 R4a7 25. Qf4 Nf5 26. Nxf5 gxf5 27. Ng5 Kg7 28. Nxh7 Ne7 29. Rh3 Ng8 1-0

[Event "HUN-chT2 Asztalos 1819"]
[Site "Hungary"]
[Date "2019.01.27"]
[Round "4.2"]
[White "Horvath, Jozsef2222"]
[Black "Drinoczi, Peter"]
[Result "1-0"]
[WhiteElo "2067"]
[BlackElo "2034"]
[PlyCount "30"]
[EventDate "2018.10.28"]
[EventType "team-tourn"]
[EventRounds "9"]
[EventCountry "HUN"]
[SourceTitle "CBM 189 Extra"]
[Source "ChessBase"]
[SourceDate "2019.06.03"]
[SourceVersion "1"]
[SourceVersionDate "2019.06.03"]
[SourceQuality "1"]
[WhiteTeam "Kiraly Sakk"]
[BlackTeam "Szentlorinc"]
[WhiteTeamCountry "HUN"]
[BlackTeamCountry "HUN"]

1. d4 Nf6 2. c4 g6 3. f3 e5 4. dxe5 Nh5 5. Nh3 Bb4+ 6. Bd2 Qh4+ 7. g3 Qxc4 8. a3 Bc5 9. Bc3 Be3 10. Nd2 Qe6 11. Ne4 h6 12. Qd3 Qb6 13. g4 Nf4 14. Nxf4 Bxf4 15. e6 Rf8 1-0

[Event "HUN-chT2 Asztalos 1718"]
[Site "Hungary"]
[Date "2017.12.03"]
[Round "3.2"]
[White "Drinoczi, Peter"]
[Black "Kadlicsko, Jozsef"]
[Result "0-1"]
[WhiteElo "2117"]
[BlackElo "2122"]
[PlyCount "68"]
[EventDate "2017.10.29"]
[EventType "team-tourn"]
[EventRounds "9"]
[EventCountry "HUN"]
[SourceTitle "EXT 2021"]
[Source "ChessBase"]
[SourceDate "2020.10.23"]
[SourceVersion "1"]
[SourceVersionDate "2020.10.23"]
[SourceQuality "1"]
[WhiteTeam "Szentlorinc"]
[BlackTeam "Kaposvar Bastya"]
[WhiteTeamCountry "HUN"]
[BlackTeamCountry "HUN"]

1. e4 c5 2. Nf3 e6 3. d4 cxd4 4. Nxd4 Nf6 5. Bd3 a6 6. 0-0 Qc7 7. Kh1 Nc6 8. Nxc6 bxc6 9. f4 d5 10. Nc3 h5 11. Be3 Bb7 12. e5 Ng4 13. Bg1 c5 14. f5 0-0-0 15. fxe6 fxe6 16. Be2 Nxe5 17. Bxh5 g6 18. Bg4 Re8 19. Rf6 Qc6 20. Qe2 d4 21. Nb1 Rh4 22. Bf3 Nxf3 23. gxf3 Bd6 24. Nd2 Bf4 25. Ne4 g5 26. Re1 Reh8 27. Qg2 Qd5 28. Re2 a5 29. Rxf4 gxf4 30. Qg7 Kb8 31. Rg2 Qh5 32. Qe7 Qxf3 33. Qd6+ Ka8 34. Qxc5 Qxe4 0-1

[Event "HUN-chT2 Asztalos 1617"]
[Site "Hungary"]
[Date "2017.04.09"]
[Round "11.2"]
[White "Drinoczi, Peter"]
[Black "Kele, Karoly"]
[Result "1-0"]
[WhiteElo "2102"]
[BlackElo "2095"]
[PlyCount "101"]
[EventDate "2016.09.25"]
[EventType "team-tourn"]
[EventRounds "11"]
[EventCountry "HUN"]
[SourceTitle "EXT 2021"]
[Source "ChessBase"]
[SourceDate "2020.10.23"]
[SourceVersion "1"]
[SourceVersionDate "2020.10.23"]
[SourceQuality "1"]
[WhiteTeam "Szentlorinc"]
[BlackTeam "Pecs Karmin"]
[WhiteTeamCountry "HUN"]
[BlackTeamCountry "HUN"]

1. e4 c5 2. Nf3 e6 3. Bc4 Nc6 4. Qe2 Be7 5. Nc3 d6 6. d3 Nf6 7. 0-0 0-0 8. a4 Nd4 9. Nxd4 cxd4 10. Nb5 e5 11. c3 a6 12. Na3 dxc3 13. bxc3 Qa5 14. Bd2 Bg4 15. f3 Bd7 16. Rfb1 Rfb8 17. Bb3 b5 18. c4 Qc7 19. cxb5 axb5 20. Nxb5 Bxb5 21. axb5 Rxa1 22. Rxa1 Rxb5 23. Bc4 Rb8 24. Be3 g6 25. Ra7 Rb1+ 26. Kf2 Qd8 27. Bxf7+ Kh8 28. Ba2 Rb8 29. d4 Qf8 30. Kg1 Ra8 31. Bh6 Rxa7 32. Bxf8 Bxf8 33. Qc4 Kg7 34. g4 g5 35. h4 h6 36. f4 d5 37. exd5 exf4 38. h5 Nxg4 39. Qc2 Ra3 40. Qc7+ Kh8 41. Qf7 Rg3+ 42. Kf1 Rf3+ 43. Ke1 Bb4+ 44. Kd1 Rd3+ 45. Kc2 Rxd4 46. Qe8+ Kg7 47. Qd7+ Kf6 48. Qxg4 Re4 49. Kb3 Bd6 50. Bb1 Rb4+ 51. Kc3 1-0

[Event "HUN-chT2 Asztalos 1617"]
[Site "Hungary"]
[Date "2017.02.26"]
[Round "9.2"]
[White "Drinoczi, Peter"]
[Black "Szaz, Ferenc"]
[Result "1-0"]
[WhiteElo "2102"]
[BlackElo "2052"]
[PlyCount "97"]
[EventDate "2016.09.25"]
[EventType "team-tourn"]
[EventRounds "11"]
[EventCountry "HUN"]
[SourceTitle "EXT 2021"]
[Source "ChessBase"]
[SourceDate "2020.10.23"]
[SourceVersion "1"]
[SourceVersionDate "2020.10.23"]
[SourceQuality "1"]
[WhiteTeam "Szentlorinc"]
[BlackTeam "Komlo Banyasz II"]
[WhiteTeamCountry "HUN"]
[BlackTeamCountry "HUN"]

1. e4 b6 2. d4 Bb7 3. Nc3 c5 4. d5 d6 5. Nf3 Nd7 6. Bc4 g6 7. Qe2 Bg7 8. Bf4 a6 9. a4 b5 10. Ba2 b4 11. Nd1 Ngf6 12. 0-0 0-0 13. c3 a5 14. Bc4 Qb6 15. Bb5 Ba6 16. c4 Bxb5 17. cxb5 e6 18. Ne3 exd5 19. exd5 Nh5 20. Bg5 Rfe8 21. Qd3 Qc7 22. Nc4 Nb6 23. Nxb6 Qxb6 24. Nd2 Bf6 25. Nc4 Qc7 26. Bh6 Bg7 27. Bd2 Nf6 28. Bf4 Bf8 29. Rae1 Rxe1 30. Rxe1 Re8 31. Rxe8 Nxe8 32. Qg3 Qb7 33. Qf3 Qc7 34. b3 Qd8 35. b6 Qa8 36. Bg5 Qa6 37. Qe4 Ng7 38. Bf6 Qb7 39. g4 h5 40. h3 Qb8 41. Kg2 hxg4 42. hxg4 Qb7 43. Bd8 f5 44. gxf5 gxf5 45. Qf3 Qa8 46. Bc7 Qa6 47. Qd3 Be7 48. Ne5 Qb7 49. Nc6 1-0

[Event "HUN-chT2 Asztalos 1617"]
[Site "Hungary"]
[Date "2017.02.12"]
[Round "8.3"]
[White "Drinoczi, Peter"]
[Black "Novak, Attila Robert"]
[Result "0-1"]
[WhiteElo "2102"]
[BlackElo "2142"]
[PlyCount "160"]
[EventDate "2016.09.25"]
[EventType "team-tourn"]
[EventRounds "11"]
[EventCountry "HUN"]
[SourceTitle "EXT 2021"]
[Source "ChessBase"]
[SourceDate "2020.10.23"]
[SourceVersion "1"]
[SourceVersionDate "2020.10.23"]
[SourceQuality "1"]
[WhiteTeam "Szentlorinc"]
[BlackTeam "Balatonfuered"]
[WhiteTeamCountry "HUN"]
[BlackTeamCountry "HUN"]

1. e4 e6 2. d4 d5 3. e5 c5 4. c3 Nc6 5. Nf3 Bd7 6. a3 Rc8 7. b4 cxd4 8. cxd4 b5 9. Bxb5 Nxe5 10. Bxd7+ Nxd7 11. 0-0 Ngf6 12. Bb2 Be7 13. Nbd2 0-0 14. Nb3 Nb6 15. Nc5 Nc4 16. Bc3 Ne8 17. Re1 Ned6 18. a4 Bf6 19. Qd3 Re8 20. Ne5 Bxe5 21. dxe5 Nf5 22. Rad1 a5 23. Nb7 Qc7 24. Nd6 Ncxd6 25. exd6 Qxd6 26. bxa5 Qa3 27. Be5 Qxd3 28. Rxd3 f6 29. g4 Nh6 30. Bd4 Rc4 31. h3 Rxa4 32. Bb6 Kf7 33. Rc1 Ng8 34. Rc7+ Re7 35. Rc8 Rd7 36. Rdc3 Ne7 37. R3c7 Nxc8 38. Rxd7+ Kg6 39. Rd8 Nxb6 40. axb6 Rb4 41. Rd6 e5 42. Rxd5 Rxb6 43. Kg2 Rb3 44. Rd7 Rb4 45. Re7 Rf4 46. Kg3 Ra4 47. Kf3 Ra8 48. Kg3 Rf8 49. h4 Ra8 50. f3 Ra3 51. Kg2 h5 52. gxh5+ Kxh5 53. Rxg7 Kxh4 54. Rg4+ Kh5 55. Rb4 Kg5 56. Rb5 Rc3 57. Kg3 Kf5 58. Ra5 Rc8 59. Rb5 Rg8+ 60. Kf2 Re8 61. Kg3 Kg5 62. f4+ Kf5 63. Kf3 Ra8 64. fxe5 Ra3+ 65. Ke2 fxe5 66. Rb8 Kf4 67. Rf8+ Ke4 68. Rh8 Ra2+ 69. Ke1 Kd4 70. Re8 e4 71. Rd8+ Ke3 72. Kf1 Ra1+ 73. Kg2 Ke2 74. Rb8 Rd1 75. Ra8 Rd2 76. Ra1 e3 77. Rb1 Ra2 78. Kg1 Ra4 79. Rb2+ Kf3 80. Rb1 Rg4+ 0-1

[Event "HUN-chT2 Asztalos 1617"]
[Site "Hungary"]
[Date "2016.11.27"]
[Round "5.3"]
[White "Csire, Bence"]
[Black "Drinoczi, Peter"]
[Result "1-0"]
[WhiteElo "2109"]
[BlackElo "2102"]
[PlyCount "113"]
[EventDate "2016.09.25"]
[EventType "team-tourn"]
[EventRounds "11"]
[EventCountry "HUN"]
[SourceTitle "EXT 2021"]
[Source "ChessBase"]
[SourceDate "2020.10.23"]
[SourceVersion "1"]
[SourceVersionDate "2020.10.23"]
[SourceQuality "1"]
[WhiteTeam "Fehervar"]
[BlackTeam "Szentlorinc"]
[WhiteTeamCountry "HUN"]
[BlackTeamCountry "HUN"]

1. e4 c6 2. d4 g6 3. Nf3 Bg7 4. Bf4 d5 5. Nc3 e6 6. Bd3 Nf6 7. e5 Nfd7 8. Ne2 c5 9. c3 Nc6 10. Qd2 h6 11. h4 a6 12. Rd1 b5 13. Be3 cxd4 14. cxd4 Qe7 15. Rc1 Bb7 16. a3 Nb6 17. Nf4 0-0-0 18. Rc2 Nc4 19. Qc1 N6a5 20. b4 Nc6 21. Nd2 g5 22. Nh5 f6 23. exf6 Bxf6 24. Nxf6 Qxf6 25. hxg5 hxg5 26. Rxh8 Rxh8 27. Nxc4 dxc4 28. Bxg5 Rh1+ 29. Bf1 Qxd4 30. Qe3 e5 31. Rc1 Qg4 32. Kd2 Rh5 33. Bh6 e4 34. Qf4 Qd7+ 35. Kc2 Nd4+ 36. Kb2 Rf5 37. Qe3 Nb3 38. Rc2 Kb8 39. g3 Qd1 40. Bxc4 bxc4 41. Bf4+ Ka8 42. Rxc4 Qa1+ 43. Kxb3 Bd5 44. Qc3 Qb1+ 45. Ka4 Qd1+ 46. Qc2 Qxc2+ 47. Rxc2 Kb7 48. Rc5 Kb6 49. Be3 Bc6+ 50. Kb3 Rf3 51. Rf5+ Kb7 52. Rxf3 exf3 53. g4 Bd5+ 54. Kc3 Kc6 55. Kd4 Kd6 56. g5 Ke6 57. Kc5 1-0

[Event "HUN-chT2 Asztalos 1617"]
[Site "Hungary"]
[Date "2016.11.13"]
[Round "4.3"]
[White "Drinoczi, Peter"]
[Black "Horvath, Attila"]
[Result "1-0"]
[WhiteElo "2102"]
[BlackElo "2147"]
[PlyCount "73"]
[EventDate "2016.09.25"]
[EventType "team-tourn"]
[EventRounds "11"]
[EventCountry "HUN"]
[SourceTitle "EXT 2021"]
[Source "ChessBase"]
[SourceDate "2020.10.23"]
[SourceVersion "1"]
[SourceVersionDate "2020.10.23"]
[SourceQuality "1"]
[WhiteTeam "Szentlorinc"]
[BlackTeam "Nagyatad"]
[WhiteTeamCountry "HUN"]
[BlackTeamCountry "HUN"]

1. e4 c5 2. Nf3 e6 3. d4 cxd4 4. Nxd4 a6 5. Bd3 Nc6 6. Nxc6 dxc6 7. 0-0 e5 8. Be3 Nf6 9. f3 Be6 10. Nd2 Bd6 11. Qe2 0-0 12. Nc4 Bc7 13. Qf2 b5 14. Nd2 Nd7 15. c4 Bb6 16. b3 Bxe3 17. Qxe3 Qb6 18. Kf2 Nc5 19. Bc2 Rfd8 20. Rfd1 bxc4 21. Nxc4 Bxc4 22. bxc4 Rd4 23. Rab1 Qa5 24. Rxd4 exd4 25. Qxd4 Rd8 26. Qb2 g6 27. Kg1 Ne6 28. Bb3 Rd2 29. Qc1 Nf4 30. Qf1 Qc5+ 31. Kh1 Rxg2 32. Rd1 Rf2 33. Rd8+ Kg7 34. Qa1+ Kh6 35. Qg1 Qh5 36. Qxf2 Qg5 37. Rd1 1-0

[Event "HUN-chT2 Asztalos 1617"]
[Site "Hungary"]
[Date "2016.10.30"]
[Round "3.3"]
[White "Keszi, Janos"]
[Black "Drinoczi, Peter"]
[Result "0-1"]
[WhiteElo "2021"]
[BlackElo "2102"]
[PlyCount "120"]
[EventDate "2016.09.25"]
[EventType "team-tourn"]
[EventRounds "11"]
[EventCountry "HUN"]
[SourceTitle "EXT 2021"]
[Source "ChessBase"]
[SourceDate "2020.10.23"]
[SourceVersion "1"]
[SourceVersionDate "2020.10.23"]
[SourceQuality "1"]
[WhiteTeam "Sarosd"]
[BlackTeam "Szentlorinc"]
[WhiteTeamCountry "HUN"]
[BlackTeamCountry "HUN"]

1. d4 Nf6 2. Nf3 g6 3. Bg5 Bg7 4. Nbd2 0-0 5. e3 d6 6. Bc4 c5 7. dxc5 dxc5 8. 0-0 Nc6 9. Re1 Qc7 10. c3 a6 11. a4 Rb8 12. Qe2 h6 13. Bh4 e5 14. e4 g5 15. Bg3 Nh5 16. Rac1 Ne7 17. b4 Ng6 18. Qe3 b5 19. axb5 axb5 20. Bd5 c4 21. Ra1 Nhf4 22. Ra7 Qd8 23. Nf1 g4 24. N3d2 Nxd5 25. exd5 Qxd5 26. f3 f5 27. Qc5 Qxc5+ 28. bxc5 f4 29. Bf2 gxf3 30. Nxf3 Rf7 31. Ra3 Bf5 32. N1d2 b4 33. cxb4 c3 34. Ne4 Rxb4 35. Nxc3 e4 36. Nd5 Rb2 37. Bd4 Rxg2+ 38. Kxg2 exf3+ 39. Kxf3 Bxd4 40. Re8+ Kg7 41. c6 Ne5+ 42. Kxf4 Bg6+ 43. Kg3 Bf2+ 44. Kh3 Bf5+ 45. Kg2 Be4+ 46. Kh3 Bf5+ 47. Kg2 Nxc6 48. Kxf2 Bd7+ 49. Rf3 Rxf3+ 50. Kxf3 Bxe8 51. Kf4 Bf7 52. Ne3 Kg6 53. Nf5 h5 54. Nh4+ Kf6 55. Nf3 Ne7 56. h4 Ng6+ 57. Kg3 Be6 58. Ng5 Bg4 59. Ne4+ Ke5 60. Ng5 Ne7 0-1

[Event "HUN-chT2 Asztalos 1415"]
[Site "Hungary"]
[Date "2015.01.25"]
[Round "5"]
[White "Mathe, Gaspar"]
[Black "Drinoczi, Peter"]
[Result "1-0"]
[WhiteElo "2316"]
[BlackElo "2110"]
[PlyCount "67"]
[EventDate "2014.10.12"]
[EventType "team-tourn"]
[EventRounds "9"]
[EventCountry "HUN"]
[SourceTitle "EXT 2016"]
[Source "ChessBase"]
[SourceDate "2015.10.08"]
[SourceVersion "1"]
[SourceVersionDate "2015.10.08"]
[SourceQuality "1"]
[WhiteTeam "Nagyatad"]
[BlackTeam "Szentlorinc"]
[WhiteTeamCountry "HUN"]
[BlackTeamCountry "HUN"]

1. e4 d6 2. d4 g6 3. Nc3 Bg7 4. f4 Nf6 5. Nf3 0-0 6. Be2 c5 7. dxc5 Qa5 8. 0-0 Qxc5+ 9. Kh1 Nc6 10. Bd2 Bg4 11. h3 Qh5 12. Be3 Bxh3 13. Nh2 Bxg2+ 14. Kxg2 Qa5 15. Qd2 Rac8 16. Bf3 b5 17. a3 a6 18. Qf2 Nd7 19. Nd1 b4 20. Be2 e5 21. f5 d5 22. Ng4 h5 23. f6 Bh8 24. Rh1 Nd4 25. Rxh5 gxh5 26. Nh6+ Kh7 27. Bxd4 Nxf6 28. Be3 Rxc2 29. Qf5+ Kg7 30. Nc3 bxc3 31. Rg1 Ng4 32. Nxg4 Rxe2+ 33. Kf3 Rg8 34. Nh6+ 1-0

[Event "HUN-chT2 Asztalos 1415"]
[Site "Hungary"]
[Date "2014.11.30"]
[Round "3"]
[White "Pribek, Laszlo"]
[Black "Drinoczi, Peter"]
[Result "1-0"]
[WhiteElo "2153"]
[BlackElo "2110"]
[PlyCount "67"]
[EventDate "2014.10.12"]
[EventType "team-tourn"]
[EventRounds "9"]
[EventCountry "HUN"]
[SourceTitle "EXT 2016"]
[Source "ChessBase"]
[SourceDate "2015.10.08"]
[SourceVersion "1"]
[SourceVersionDate "2015.10.08"]
[SourceQuality "1"]
[WhiteTeam "Peti MTE"]
[BlackTeam "Szentlorinc"]
[WhiteTeamCountry "HUN"]
[BlackTeamCountry "HUN"]

1. e4 c6 2. d4 d5 3. e5 Bf5 4. Nf3 e6 5. Be2 Nd7 6. 0-0 c5 7. Nbd2 cxd4 8. Nb3 Ne7 9. Nbxd4 Be4 10. Bd3 Ng6 11. Re1 Bxf3 12. Nxf3 Bc5 13. Qe2 Qc7 14. Bd2 a6 15. a4 0-0 16. a5 Rae8 17. b4 Ba7 18. Rac1 Bb8 19. Bxg6 fxg6 20. c4 d4 21. Qe4 Rd8 22. Bg5 Rde8 23. Bh4 Rf5 24. Bg3 b6 25. axb6 Qxb6 26. Qxd4 Qc6 27. Qe4 Qc7 28. c5 Ba7 29. Qc4 Kf7 30. Qxa6 Nb8 31. Qd6 Re7 32. Qxc7 Rxc7 33. Nd4 Rg5 34. Nb5 1-0

[Event "HUN-chT2 Asztalos 1415"]
[Site "Hungary"]
[Date "2014.11.16"]
[Round "2"]
[White "Drinoczi, Peter"]
[Black "Janoshalmi, Attila"]
[Result "0-1"]
[WhiteElo "2110"]
[BlackElo "2248"]
[PlyCount "76"]
[EventDate "2014.10.12"]
[EventType "team-tourn"]
[EventRounds "9"]
[EventCountry "HUN"]
[SourceTitle "EXT 2016"]
[Source "ChessBase"]
[SourceDate "2015.10.08"]
[SourceVersion "1"]
[SourceVersionDate "2015.10.08"]
[SourceQuality "1"]
[WhiteTeam "Szentlorinc"]
[BlackTeam "Dunaujvaros"]
[WhiteTeamCountry "HUN"]
[BlackTeamCountry "HUN"]

1. e4 e6 2. d3 c5 3. g3 Nc6 4. Bg2 d5 5. Nc3 d4 6. Nce2 e5 7. f4 Bd6 8. Nf3 Bg4 9. 0-0 Qd7 10. fxe5 Nxe5 11. Nf4 Ne7 12. Nxe5 Bxe5 13. Qe1 0-0 14. Bd2 b5 15. Qf2 Rac8 16. Rae1 Rc6 17. Bf3 Bxf4 18. gxf4 Bh3 19. f5 Bxf1 20. Rxf1 Ra6 21. a3 f6 22. Qg2 Nc6 23. Bd1 Ne5 24. Rf4 g6 25. Rh4 Rf7 26. Kh1 b4 27. axb4 Ra1 28. Qf1 cxb4 29. Rf4 g5 30. Rf2 b3 31. Bb4 Qa4 32. c3 Ng4 33. Rd2 Ne3 34. Qe2 a5 35. Bc5 Nxd1 36. Rxd1 dxc3 37. Ba3 Rxd1+ 38. Qxd1 c2 0-1

[Event "HUN-chT2 Asztalos 1314"]
[Site "Hungary"]
[Date "2014.04.27"]
[Round "9"]
[White "Vidic, Stevan"]
[Black "Drinoczi, Peter"]
[Result "1-0"]
[WhiteElo "2281"]
[BlackElo "2108"]
[PlyCount "81"]
[EventDate "2013.09.08"]
[EventType "team-tourn"]
[EventRounds "9"]
[EventCountry "HUN"]
[SourceTitle "EXT 2016"]
[Source "ChessBase"]
[SourceDate "2015.10.08"]
[SourceVersion "1"]
[SourceVersionDate "2015.10.08"]
[SourceQuality "1"]
[WhiteTeam "Baja"]
[BlackTeam "Szentlorinc"]
[WhiteTeamCountry "HUN"]
[BlackTeamCountry "HUN"]

1. d4 d6 2. c4 g6 3. Nc3 Bg7 4. Nf3 Nf6 5. e4 0-0 6. Be2 Nc6 7. 0-0 e5 8. dxe5 dxe5 9. Be3 Bg4 10. h3 Bxf3 11. Bxf3 Nd4 12. Nd5 Nd7 13. Rc1 c6 14. Nc3 Nc5 15. Ne2 Nce6 16. Nxd4 exd4 17. Bd2 Re8 18. c5 Qf6 19. Qb3 Re7 20. Qd3 Qe5 21. b4 a5 22. a3 axb4 23. axb4 Nc7 24. g3 Nb5 25. Ra1 Ree8 26. Bg2 Qe6 27. f4 Nc3 28. e5 Nb5 29. Kh2 f6 30. exf6 Bxf6 31. f5 gxf5 32. Rae1 Qd7 33. Rxe8+ Rxe8 34. Rxf5 Qe6 35. Bf3 Bg7 36. Bh5 Re7 37. Bg4 Qa2 38. Rf2 Nc3 39. Qf5 Qa8 40. Bg5 Ne4 41. Bxe7 1-0

[Event "HUN-chT2 Asztalos 1314"]
[Site "Hungary"]
[Date "2014.03.23"]
[Round "7"]
[White "Horvath, Miklos"]
[Black "Drinoczi, Peter"]
[Result "1-0"]
[WhiteElo "2222"]
[BlackElo "2108"]
[PlyCount "41"]
[EventDate "2013.09.08"]
[EventType "team-tourn"]
[EventRounds "9"]
[EventCountry "HUN"]
[SourceTitle "EXT 2016"]
[Source "ChessBase"]
[SourceDate "2015.10.08"]
[SourceVersion "1"]
[SourceVersionDate "2015.10.08"]
[SourceQuality "1"]
[WhiteTeam "Fehervar"]
[BlackTeam "Szentlorinc"]
[WhiteTeamCountry "HUN"]
[BlackTeamCountry "HUN"]

1. e4 d6 2. d4 g6 3. Nc3 Bg7 4. Be3 Nf6 5. f3 c6 6. Qd2 0-0 7. g4 b5 8. Bd3 Nbd7 9. Bh6 Bxh6 10. Qxh6 Qa5 11. h4 b4 12. Nce2 b3+ 13. c3 e5 14. h5 exd4 15. hxg6 fxg6 16. Bc4+ d5 17. Bxb3 dxc3 18. Nxc3 Nc5 19. 0-0-0 Nxb3+ 20. axb3 dxe4 21. Nxe4 1-0

[Event "HUN-chT2 Asztalos 1314"]
[Site "Hungary"]
[Date "2013.09.08"]
[Round "1"]
[White "Nemeth, Miklos1111"]
[Black "Drinoczi, Peter"]
[Result "0-1"]
[WhiteElo "2115"]
[BlackElo "2108"]
[PlyCount "80"]
[EventDate "2013.09.08"]
[EventType "team-tourn"]
[EventRounds "9"]
[EventCountry "HUN"]
[SourceTitle "EXT 2016"]
[Source "ChessBase"]
[SourceDate "2015.10.08"]
[SourceVersion "1"]
[SourceVersionDate "2015.10.08"]
[SourceQuality "1"]
[WhiteTeam "Decs 1990 II"]
[BlackTeam "Szentlorinc"]
[WhiteTeamCountry "HUN"]
[BlackTeamCountry "HUN"]

1. e4 d6 2. d4 g6 3. Nc3 Bg7 4. f4 Nf6 5. Nf3 0-0 6. Bd3 c5 7. d5 a6 8. a4 e6 9. 0-0 exd5 10. Nxd5 Nxd5 11. exd5 Qc7 12. c4 Bg4 13. f5 Nd7 14. Qc2 Rae8 15. Bd2 b5 16. axb5 axb5 17. fxg6 hxg6 18. cxb5 c4 19. Bxc4 Qc5+ 20. Kh1 Bxf3 21. gxf3 Re2 22. Rac1 Re5 23. Qb3 Rh5 24. Be3 Qc8 25. f4 Rh3 26. Be2 Nc5 27. Rxc5 dxc5 28. Rf3 Re8 29. Bg1 c4 30. Qc2 Rxf3 31. Bxf3 Re1 32. Kg2 c3 33. Bf2 Ra1 34. b6 Ra2 35. d6 Rxb2 36. Qc1 Bd4 37. b7 Rxf2+ 38. Kh1 Qb8 39. Bd5 Qxd6 40. Qb1 Qxd5+ 0-1

[Event "HUN-chT2 Asztalos 1213"]
[Site "Hungary"]
[Date "2012.11.18"]
[Round "4.5"]
[White "Barbarics, Tamas"]
[Black "Drinoczi, Peter"]
[Result "1-0"]
[WhiteElo "2053"]
[BlackElo "2098"]
[PlyCount "117"]
[EventDate "2012.09.16"]
[EventType "team-tourn"]
[EventRounds "9"]
[EventCountry "HUN"]
[SourceTitle "EXT 2014"]
[Source "ChessBase"]
[SourceDate "2013.11.20"]
[SourceVersion "1"]
[SourceVersionDate "2013.11.20"]
[SourceQuality "1"]
[WhiteTeam "Decs II"]
[BlackTeam "Szentlorinc"]
[WhiteTeamCountry "HUN"]
[BlackTeamCountry "HUN"]

1. d4 d6 2. e4 g6 3. Nc3 Bg7 4. Bc4 Nf6 5. Bg5 0-0 6. f4 Bg4 7. Qd2 c6 8. h3 Bc8 9. e5 Nh5 10. g4 Ng3 11. Rh2 d5 12. Bb3 f5 13. Qe3 Ne4 14. Nxe4 fxe4 15. Qxe4 Qc7 16. Qe3 e6 17. c3 Nd7 18. Ne2 c5 19. Rf2 cxd4 20. cxd4 Nb6 21. Rc1 Nc4 22. Qc3 b5 23. Bd1 Qb6 24. b3 b4 25. Qg3 Nb2 26. Rc2 Nxd1 27. Kxd1 Ba6 28. Qe3 Rf7 29. Nc1 Raf8 30. Rc5 h6 31. Bh4 g5 32. fxg5 Rxf2 33. Bxf2 hxg5 34. Be1 Rf4 35. Bf2 Bf8 36. Rc2 Qb5 37. Ne2 Re4 38. Qxg5+ Bg7 39. Ng3 Qd3+ 40. Qd2 Qf3+ 41. Kc1 Rf4 42. Nh5 Bh6 43. Kb2 Qc3+ 44. Qxc3 bxc3+ 45. Kxc3 Rf3+ 46. Kb4 Bf8+ 47. Ka4 Bd3 48. Rb2 Rxh3 49. Nf4 Rf3 50. Nxd3 Rxd3 51. Rc2 Kf7 52. Kb5 Kg6 53. Ka6 Kg5 54. Kxa7 Kxg4 55. Kb6 Bb4 56. Kb5 Bc3 57. Kc5 Kf4 58. b4 Ke4 59. b5 1-0

[Event "HUN-chT2 Asztalos 1112"]
[Site "Hungary"]
[Date "2012.02.19"]
[Round "6.4"]
[White "Drinoczi, Peter"]
[Black "Szotak, Laszlo"]
[Result "1-0"]
[WhiteElo "2109"]
[BlackElo "1999"]
[PlyCount "33"]
[EventDate "2011.09.25"]
[EventType "team-tourn"]
[EventRounds "11"]
[EventCountry "HUN"]
[SourceTitle "EXT 2013"]
[Source "ChessBase"]
[SourceDate "2012.11.22"]
[SourceVersion "1"]
[SourceVersionDate "2012.11.22"]
[SourceQuality "1"]
[WhiteTeam "Szentlorinc"]
[BlackTeam "Kaposvar Bastya"]
[WhiteTeamCountry "HUN"]
[BlackTeamCountry "HUN"]

1. e4 c5 2. Nf3 a6 3. c3 d5 4. exd5 Qxd5 5. d4 Nf6 6. Be2 e6 7. 0-0 cxd4 8. cxd4 Be7 9. Nc3 Qd6 10. Ne5 Nd5 11. Ne4 Qd8 12. b3 Nd7 13. f4 0-0 14. Bd3 N7f6 15. Ng5 h6 16. Rf3 Nh5 17. Bh7+ 1-0

[Event "HUN-chT2 Asztalos 0910"]
[Site "Hungary"]
[Date "2010.05.02"]
[Round "11"]
[White "Kiss, Arpad"]
[Black "Drinoczi, Peter"]
[Result "1/2-1/2"]
[WhiteElo "2152"]
[BlackElo "2080"]
[PlyCount "37"]
[EventDate "2009.11.08"]
[EventType "team-tourn"]
[EventRounds "11"]
[EventCountry "HUN"]
[SourceTitle "EXT 2011"]
[Source "ChessBase"]
[SourceDate "2010.11.26"]
[SourceVersion "1"]
[SourceVersionDate "2010.11.26"]
[SourceQuality "1"]
[WhiteTeam "Mohacs"]
[BlackTeam "Pannonpower II"]
[WhiteTeamCountry "HUN"]
[BlackTeamCountry "HUN"]

1. d4 Nf6 2. c4 c5 3. dxc5 e6 4. Nc3 Bxc5 5. e3 0-0 6. Nf3 Nc6 7. Be2 d5 8. cxd5 exd5 9. 0-0 Bf5 10. a3 a5 11. Nb5 Ne4 12. Nfd4 Bg6 13. b3 Qb6 14. Bb2 Rad8 15. Rc1 Rfe8 16. Ra1 Rf8 17. Rc1 Rfe8 18. Ra1 Rf8 19. Rc1 1/2-1/2